000 01140cam a22003377a 4500
999 _c174485
_d174485
001 2012351
003 Nust
005 20180724061336.0
007 hduafa---baca
007 hdubfa---baaa
008 910215r19741908dcu a 000 0 eng
010 _a 90955019
020 _a9780141031255
_cRs. 580
038 _aArshad
040 _aDLC
_cDLC
050 0 0 _aMicrofilm 52019 (P)
_aPR4453.C4
082 _a823.912
_bCHE
100 1 _aChesterton, G. K.
_q(Gilbert Keith),
_d1874-1936.
_911957
245 1 4 _aThe man who was Thursday
_ba nightmare /
_cby G. K. Chesterton.
260 _aNew York :
_bDodd, Mead,
_c1908.
300 _aI, 209 p.
_c20 cm.
500 _aCall number of original: PZ3.C4265Mn.
500 _aMaster microform held by: DLC.
533 _aMicrofilm.
_bWashington, D.C. :
_cLibrary of Congress Photoduplication Service,
_d1974.
_e1 microfilm reel ; 35 mm.
650 0 _aAnarchists
_vFiction.
_911958
655 7 _aDetective and mystery stories.
_2gsafd
_92977
655 7 _aFantasy fiction.
_2gsafd
_91087
906 _a0
_bibc
_corignew
_du
_encip
_f19
_gy-genmicro
942 _2ddc
_cBK